| 000 | 01059nam a2200301 a 4500 | ||
|---|---|---|---|
| 001 | 000110346 | ||
| 003 | CHAP | ||
| 005 | 20220823015409.0 | ||
| 008 | 140820s1985 mx |r| ||||||spa d | ||
| 010 | _a106808 | ||
| 011 | _a107780 | ||
| 020 | _a968805 | ||
| 040 | _cCHAP | ||
| 082 | 0 | 4 |
_a972.03 _bM63 |
| 100 | 1 |
_aMiguel i Verges, José María _9127831 |
|
| 245 | 1 | 3 |
_aLa independencia Mexicana y la prensa insurgentes / _cpor José María Miguel i Verges. |
| 250 | _aFacsimilar | ||
| 260 |
_aMéxico, D. F. : _bInstituto Nacional de Estudios Históricos _bComision Nacional para la Celebraciones del 175 Aniversario de la Independencia Nacional y 75 Aniversario de la Revolución Mexicana, _c1985. |
||
| 300 | _a343 p. | ||
| 590 |
_aBATCH-UPD _b05 _c20140820 _lUCH01 _h0857 |
||
| 590 |
_aE11695DGD _b10 _c20140821 _lUCH01 _h1138 |
||
| 590 |
_aE5765TAJ _b05 _c20140820 _lUCH01 _h0856 |
||
| 650 | 1 | 4 |
_aPrensa _xMéxico. _991390 |
| 651 | 0 |
_aMéxico _xHistoria _yGuerra de independencia 1810 - 1821. _9127832 |
|
| 901 | _aBK | ||
| 942 | _cLIBRO | ||
| 942 | _n0 | ||
| 999 |
_c106808 _d106808 |
||